000 00304nam a22001337a 4500
008 171106b xxu||||| |||| 00| 0 eng d
020 _a9780130128461
041 _aeng
080 _24TH
_a330.722.6
100 _a62
101 _aKON
245 _aFINANCIAL ACCOUNTING
_cHARRISON,W.T
942 _2udc
_cBK
999 _c37939
_d37939